00637nam a2200205Ia 450000500170000000800410001702000180005804000190007604100120009508200170010710000190012424500660014326000450020930000440025450400500029863000320034865000160038065100250039685000100042120220118110524.0131103s9999 xx 000 0 und d a0 521 20324 4 aLoreto College aEnglish a320.954bBRA aBrass, Paul R. aLanguage, religion and politics in North IndiacPaul R. Brass aLondonbCambridge University Pressc1974 a[10],467 p.b ill., figures,maps,tables aIncludes bibliographical references and index aIndia - Political Condition aPolitics -  aPolitical Science -  aLCLIB